[Event "Open"]
[Site "Banja Luka BIH"]
[Date "2004.12.05"]
[Round "2"]
[White "Abramovic,B"]
[Black "Elez,S"]
[Result "1-0"]
[WhiteElo "2471"]
[BlackElo "2173"]

1.d4 d5 2.c4 e6 3.Nf3 Nf6 4.Nc3 c6 5.e3 Nbd7 6.Bd3 Bd6 7.e4 dxe4 8.Nxe4 Nxe4
9.Bxe4 c5 10.O-O cxd4 11.Qxd4 Nf6 12.Bc2 O-O 13.b3 Qc7 14.Bb2 Rd8 15.Qh4 e5
16.Rad1 Re8 17.Rfe1 Bg4 18.Bxh7+ Nxh7 19.Qxg4 Re6 20.Qe4 Rae8 21.Re2 Nf6
22.Qh4 Nh7 23.Bc1 f5 24.g3 Qc6 25.Rd5 b5 26.Bd2 Be7 27.Qh3 bxc4 28.Rdxe5 Rxe5
29.Nxe5 Qe6 30.Re1 cxb3 31.axb3 Bg5 32.Nf3 Qc8 33.Rxe8+ Qxe8 34.Nxg5  1-0

[Event "Open"]
[Site "Porec HUN"]
[Date "2004.12.05"]
[Round "7"]
[White "Ghersinich,G"]
[Black "Ugulin,S"]
[Result "1/2-1/2"]
[WhiteElo "2007"]
[BlackElo "2151"]

1.d4 d5 2.c4 e6 3.Nf3 Nf6 4.Nc3 c6 5.e3 Nbd7 6.Bd3 Bd6 7.O-O O-O 8.Re1 dxc4
9.Bxc4 e5 10.e4 h6 11.d5 Nb6 12.Bb3 Bg4 13.dxc6 bxc6 14.Be3 Qe7 15.Qe2 Bb4
16.Bd2 Nfd7 17.a3 Bd6 18.Rad1 Nc5 19.Bc2 Ne6 20.Be3 Bc5 21.h3 Bxf3 22.Qxf3 Nd4
23.Bxd4 Bxd4 24.b4 a5 25.Ne2 axb4 26.Nxd4 exd4 27.axb4 Qxb4 28.e5 Nd5 29.Qe4 f5
30.exf6 Nxf6 31.Qxc6 Kh8 32.Bd3 Ra3 33.Qb5 Qxb5 34.Bxb5 Rd8 35.Rd2 Kg8 36.Red1 d3
37.Rxd3 Rdxd3 38.Bxd3 Kf7 39.f3 Nd7 40.Kf2 Kf6 41.h4  1/2-1/2

[Event "Open"]
[Site "Porec HUN"]
[Date "2004.12.05"]
[Round "7"]
[White "Konic,Z"]
[Black "Fattorich,I"]
[Result "1-0"]
[WhiteElo "2061"]
[BlackElo "2068"]

1.d4 d5 2.c4 e6 3.Nf3 c6 4.Nc3 Nf6 5.e3 Be7 6.Bd3 O-O 7.O-O Nbd7 8.b3 Re8
9.Bb2 Qc7 10.Rc1 Nb6 11.Ne5 Bb4 12.Ne2 Qe7 13.c5 Nbd7 14.f4 Ne4 15.Bxe4 dxe4
16.Nc4 b5 17.Nd6 Nxc5 18.Nxc8 Raxc8 19.dxc5 Bxc5 20.Nd4 f5 21.Kh1 Red8 22.Qe2 Bxd4
23.Bxd4 c5 24.Be5 Rd3 25.g4 a5 26.gxf5 exf5 27.Rg1 g6 28.Rg3 Qh4 29.Qe1 Qh5
30.Kg2 Rcd8 31.Rc2 Rd1 32.Qe2 Qxe2+ 33.Rxe2 Ra8 34.Kh3 a4 35.bxa4 Rxa4 36.Kh4 Kf7
37.Kg5 Ke6 38.Kh6 Ra7 39.Rc2 c4 40.Rgg2 Rd3 41.Bd4 Rb7 42.Rg1 Kd5 43.Rgc1 Rc7
44.Rb1 Rb7 45.Rcb2 c3 46.Rxb5+ Rxb5 47.Rxb5+ Kc4 48.Rc5+ Kb4 49.Rxc3 Rxc3
50.Bxc3+ Kxc3 51.a4 Kd3 52.a5 Kxe3 53.a6 Kxf4 54.a7 e3 55.a8=Q e2 56.Qa1 Ke3
57.Kxh7 f4 58.Kxg6  1-0

[Event "ch-IND"]
[Site "Visakhapatnam IND"]
[Date "2004.12.06"]
[Round "4"]
[White "Kunte,A"]
[Black "Roy Chowdhury,S"]
[Result "1/2-1/2"]
[WhiteElo "2550"]
[BlackElo "2376"]

1.d4 d5 2.c4 c6 3.Nc3 Nf6 4.e3 e6 5.Nf3 Nbd7 6.Bd3 Be7 7.O-O O-O 8.b3 b6
9.Bb2 Bb7 10.Rc1 Rc8 11.Qe2 Re8 12.Rfd1 Bd6 13.cxd5 exd5 14.Ba6 Bxa6 15.Qxa6 Rc7
16.Ne2 Qe7 17.Ng3 g6 18.Rc2 Rec8 19.Rdc1 Nb8 20.Qd3 Nbd7 21.Ne2 Ne4 22.Nf4 g5
23.Ne2 g4 24.Ne5 Nxe5 25.dxe5 Bxe5 26.Bxe5 Qxe5 27.Nf4 Nf6 28.h3 gxh3 29.Nxh3 c5
30.Qd1 Qe4 31.Rd2 Qf5 32.Nf4 Rd7 33.Qf3 Rcd8 34.Rcd1 Kh8 35.Rd3 Rd6 36.Qe2 R6d7
37.g3 Kg8  1/2-1/2

[Event "3rd Subasic Mem"]
[Site "Zenica BIH"]
[Date "2004.12.07"]
[Round "4"]
[White "Drasko,M"]
[Black "Atalik,S"]
[Result "1/2-1/2"]
[WhiteElo "2486"]
[BlackElo "2541"]

1.d4 d5 2.c4 c6 3.e3 Nf6 4.Nc3 e6 5.Nf3 Nbd7 6.Qc2 Bd6 7.b3 O-O 8.Be2 b6
9.O-O Bb7 10.Bb2 Qe7 11.Rfd1 Rad8 12.Rac1 h6 13.g3 a6 14.Bf1 Rc8 15.Bg2 Rfd8
16.e4 Nxe4 17.Nxe4 dxe4 18.Qxe4 Nf6 19.Qe2 c5 20.Ne5 cxd4 21.Rxd4 Bc5 22.Rd3 Rxd3
23.Nxd3 Bxg2 24.Kxg2 Ba3 25.Bxa3 Qxa3 26.Rd1 b5 27.Ne5 Qc5 28.Rd3 bxc4 29.Nxc4 Nd5
30.Qf3 Rd8 31.h3 a5 32.Kg1 Rb8 33.Qe4 Rc8 34.Qd4 Qxd4 35.Rxd4 Nc3 36.Rd2 a4
37.Rc2 axb3 38.axb3 Ne4 39.b4 Kf8 40.Ne3 Rb8 41.Rb2 Ke7 42.Kg2 Rb5 43.h4 f5
44.Kf3 g5 45.hxg5 hxg5 46.g4 Nf6 47.gxf5 exf5 48.Ra2 g4+ 49.Kf4 Rxb4+ 50.Kxf5 Rb5+
51.Kf4 Rb4+  1/2-1/2

[Event "GP"]
[Site "Aix-En-Provence FRA"]
[Date "2004.12.08"]
[Round "1.2"]
[White "Kazhgaleyev,M"]
[Black "Kosteniuk,A"]
[Result "1-0"]
[WhiteElo "2607"]
[BlackElo "2508"]

1.d4 d5 2.c4 c6 3.Nc3 Nf6 4.e3 e6 5.Nf3 Nbd7 6.Bd3 dxc4 7.Bxc4 b5 8.Bb3 a6
9.e4 b4 10.e5 bxc3 11.exf6 cxb2 12.fxg7 Bxg7 13.Bxb2 Qa5+ 14.Nd2 c5 15.O-O Bb7
16.Nc4 Qc7 17.d5 Bxb2 18.dxe6 fxe6 19.Qh5+ Ke7 20.Nxb2 Nf6 21.Qh3 Nd5 22.Rfe1 Qc6
23.Nd3 Rag8 24.Bxd5 Qxd5 25.Nf4 Rxg2+ 26.Qxg2 Qxg2+ 27.Nxg2 Rg8 28.f3  1-0

[Event "ch-GRE"]
[Site "Athens GRE"]
[Date "2004.12.08"]
[Round "5"]
[White "Skembris,S"]
[Black "Mastrovasilis,D"]
[Result "1-0"]
[WhiteElo "2446"]
[BlackElo "2574"]

1.d4 d5 2.c4 e6 3.Nf3 Nf6 4.Nc3 c6 5.e3 Nbd7 6.Bd3 dxc4 7.Bxc4 b5 8.Bd3 a6
9.O-O c5 10.a4 b4 11.Ne4 Bb7 12.Nxf6+ Qxf6 13.a5 cxd4 14.exd4 Bd6 15.Re1 Bxf3
16.Qxf3 Qxf3 17.gxf3 Nf6 18.Bd2 Kd7 19.Rec1 Rhc8 20.Rxc8 Kxc8 21.Ra4 Nd5
22.Bc4 Kc7 23.Bxd5 exd5 24.Bxb4 Rb8 25.Bc3 Kc6 26.Ra1 Re8 27.h3 Re2 28.Rc1 Kb5
29.Kf1 Bf4 30.Ra1 Rc2 31.Ra3 Kc6 32.Rb3 Bc7 33.Kg2 f5 34.Kf1 Rc1+ 35.Ke2 Rc2+
36.Kf1 h5 37.f4 h4 38.Ke1 Rc1+ 39.Ke2 Ra1 40.Bb4 Bxf4 41.Ba3 Bc7 42.Rc3+ Kd7
43.Rc5 Bd6 44.Rxd5 Rxa3 45.bxa3 Ke6 46.Rxd6+ Kxd6 47.f4 Kc6 48.Kd2 Kb5 49.Kc3 g6
50.Kd3 Kxa5 51.d5 Kb6 52.Kd4  1-0

[Event "3rd Subasic Mem"]
[Site "Zenica BIH"]
[Date "2004.12.08"]
[Round "6"]
[White "Terzic,S"]
[Black "Atalik,S"]
[Result "0-1"]
[WhiteElo "2289"]
[BlackElo "2541"]

1.d4 d5 2.c4 c6 3.Nf3 Nf6 4.Nc3 e6 5.e3 a6 6.Bd3 dxc4 7.Bxc4 b5 8.Bd3 c5
9.O-O Bb7 10.Qe2 Nbd7 11.Rd1 Qb8 12.h3 Bd6 13.Bd2 O-O 14.Rac1 c4 15.Bb1 e5
16.e4 exd4 17.Nxd4 Re8 18.Nf5 Bh2+ 19.Kh1 b4 20.Na4 Bc6 21.b3 c3 22.Be3 Bf4
23.f3 g6 24.Nd4 Nh5 25.Bxf4 Qxf4 26.Qf2 Ng3+ 27.Kg1 Bb5 28.a3 Bxa4 29.bxa4 a5
30.axb4 axb4 31.Nc6 Rxa4 32.Bd3 b3 33.Rxc3 Ra2 34.Qd4 Nf6 35.Rxb3 Ngh5 36.Rb2 Raa8
37.Bf1 Rac8 38.Nb4 Ng3 39.Nd3 Qh4 40.Qf2 Red8 41.Rbd2 Nfh5 42.Qe3 Rc3 43.Qf2 Rdc8
44.Nb4 Rc1 45.Nd5 R8c2 46.Ne3 Rxd1 47.Nxd1 Rc1 48.Qd4 Qf4 49.Qf2 Kg7 50.Qd4+ Kg8
51.e5 Qxd4+ 52.Rxd4 Nf4 53.Kf2 Nf5 54.Rxf4 Rxd1 55.g4 Nd4 56.Re4 g5 57.Re3 Ne6
58.Re2 Nf4 59.Rb2 Rd5 60.Rb8+ Kg7 61.Rb2 Rxe5 62.Rc2 Ra5 63.Rb2 Ra1 64.Rd2 h6
65.Rb2 Rc1 66.Rd2 Rb1 67.Ra2 Rc1 68.Rd2 h5 69.gxh5 Nxh5 70.Ra2 Nf4 71.Ra4 Rc2+
72.Kg3 f5 73.Ra7+ Kf8 74.h4 Nh5+ 75.Kh3 Rf2 76.hxg5 Rxf1  0-1

[Event "ch-IND"]
[Site "Visakhapatnam IND"]
[Date "2004.12.09"]
[Round "8"]
[White "Koneru,H"]
[Black "Barua,D"]
[Result "1-0"]
[WhiteElo "2503"]
[BlackElo "2525"]

1.d4 d5 2.c4 e6 3.Nf3 Nf6 4.Nc3 c6 5.e3 Nbd7 6.Bd3 dxc4 7.Bxc4 b5 8.Bd3 Bd6
9.Ng5 e5 10.Qf3 Qb6 11.Bxb5 exd4 12.exd4 Bb7 13.Qe2+ Be7 14.Bc4 O-O 15.Nxf7 Rxf7
16.Qxe7 Nd5 17.Qe2 Qxd4 18.Be3 Qf6 19.O-O Ne5 20.Bb3 Qh4 21.f3 a5 22.Bf2 Qh5
23.Bg3 Nd7 24.Nxd5 cxd5 25.Qb5 Nf6 26.Rfc1 Qg5 27.Rc7 Rxc7 28.Bxc7 Qe3+ 29.Kh1 Re8
30.Bxa5 Ba8 31.Qf1 h5 32.Re1 Qc5 33.Rxe8+ Nxe8 34.Bc3 Nd6 35.Qd3 Nc4 36.Bc2 Qe7
37.Qh7+  1-0

[Event "GP"]
[Site "Aix-En-Provence FRA"]
[Date "2004.12.11"]
[Round "3.1"]
[White "Kazhgaleyev,M"]
[Black "Lautier,J"]
[Result "1-0"]
[WhiteElo "2607"]
[BlackElo "2682"]

1.d4 d5 2.c4 e6 3.Nc3 c6 4.e3 Nf6 5.Nf3 Nbd7 6.Bd3 dxc4 7.Bxc4 b5 8.Bb3 b4
9.Ne2 Bd6 10.Ng3 Bb7 11.e4 Bxg3 12.hxg3 Nxe4 13.Qc2 c5 14.Rh4 c4 15.Ba4 Nf6
16.Ne5 Qa5 17.Nxc4 Qd5 18.Bf4 O-O 19.Ne3 Qa5 20.Nc4 Qd5 21.Bxd7 Qxd7 22.Be5 Rfc8
23.Bxf6 gxf6 24.Qxh7+ Kf8 25.Ne3 Ke7 26.d5 Bxd5 27.Rd1 Rc5 28.Rxb4 Qc6 29.Rbd4 Rd8
30.Qd3 a5 31.Qa3 Ke8 32.Qa4 Qxa4 33.Rxa4 Bc6 34.Rxd8+ Kxd8 35.Rc4 Rxc4 36.Nxc4 Bd5
37.b3 a4 38.f3 axb3 39.axb3 Kc7 40.Kd2 Kc6 41.Kc3 Kc5 42.b4+ Kc6 43.Ne3 Ba2
44.Kb2 Bd5 45.g4  1-0

[Event "Bundesliga 2004-5"]
[Site "Porz GER"]
[Date "2004.12.11"]
[Round "5"]
[White "Volke,K"]
[Black "Balzar,A"]
[Result "1-0"]
[WhiteElo "2483"]
[BlackElo "2352"]

1.Nf3 d5 2.d4 Nf6 3.c4 c6 4.Nc3 e6 5.e3 Nbd7 6.Bd3 dxc4 7.Bxc4 b5 8.Bd3 a6
9.e4 c5 10.e5 cxd4 11.Nxb5 axb5 12.exf6 gxf6 13.O-O Qb6 14.Be4 Bb7 15.Re1 Bc5
16.Bf4 Bxe4 17.Rxe4 Qb7 18.Qd3 Qd5 19.b3 Rg8 20.Bg3 h5 21.Re2 Rg4 22.h3 Rg7
23.Rd1 Kf8 24.Kh2 Bd6 25.Qxd4 Bxg3+ 26.fxg3 Qxd4 27.Rxd4 Ke7 28.Rh4 f5 29.Rxh5 Kf6
30.Rh4 e5 31.Rb4 Ra5 32.Rc2 Rg8 33.Nh4 Ke6 34.Rf2 Rg5 35.Re2 Rg8 36.Nf3 Kf6
37.Rd2 Ke6 38.Re2 Kf6 39.Rc2 Ke6 40.Rh4 f6 41.Re2 Rga8 42.Rh7 Rxa2 43.Nd4+ Kd6
44.Nxf5+ Ke6 45.Nd4+ Kd6 46.Nxb5+ Kc6 47.Rxa2 Rxa2 48.Nc3 Rc2 49.Nd5 Kxd5
50.Rxd7+ Ke6 51.Rd8 e4 52.g4 Ke5 53.Re8+ Kd4 54.h4 Rc5 55.Kg3 Kd3 56.Kf4 Re5
57.Rd8+ Ke2 58.g5 e3 59.gxf6 Kf2 60.Kxe5  1-0

[Event "Bundesliga 2004-5"]
[Site "Porz GER"]
[Date "2004.12.11"]
[Round "5"]
[White "Rasmussen,K"]
[Black "Haba,P"]
[Result "0-1"]
[WhiteElo "2462"]
[BlackElo "2520"]

1.c4 e6 2.Nc3 d5 3.d4 c6 4.e3 Nf6 5.Nf3 Nbd7 6.Bd3 dxc4 7.Bxc4 b5 8.Be2 Bb7
9.O-O a6 10.e4 c5 11.e5 Nd5 12.a4 b4 13.Ne4 cxd4 14.Re1 h6 15.a5 Nc5 16.Nfd2 Rc8
17.Nxc5 Bxc5 18.Ne4 Be7 19.Qxd4 O-O 20.Qd3 f5 21.exf6 Nxf6 22.Nxf6+ Bxf6
23.Qg6 Bd4 24.Qxe6+ Kh8 25.Be3 Re8 26.Qh3 Bxe3 27.fxe3 Qd2 28.Rad1 Qxb2 29.Rd7 Rc1
30.Qg3 Rxe1+ 31.Qxe1 Be4 32.Rd6 Qc3 33.Qd2 Qa1+ 34.Qd1 Qxa5 35.Rxa6 Qg5 36.Bf3 Qxe3+
37.Kh1 Bc2 38.Qg1 b3 39.Bc6 Qxg1+ 40.Kxg1 Rb8 41.Ba4 Bd3  0-1

[Event "It"]
[Site "Ashdod ISR"]
[Date "2004.12.12"]
[Round "3"]
[White "Kaidanov,G"]
[Black "Gelfand,B"]
[Result "0-1"]
[WhiteElo "2611"]
[BlackElo "2693"]

1.d4 d5 2.c4 c6 3.Nc3 Nf6 4.e3 e6 5.Nf3 Nbd7 6.Bd3 dxc4 7.Bxc4 b5 8.Bd3 Bb7
9.e4 b4 10.Na4 c5 11.e5 Nd5 12.Nxc5 Nxc5 13.dxc5 Bxc5 14.Ng5 Qc7 15.O-O Qxe5
16.Qa4+ Ke7 17.Nxf7 Kxf7 18.Qd7+ Be7 19.Qxb7 Rhc8 20.Qa6 Bc5 21.Rb1 Bb6 22.Bd2 Kg8
23.b3 Qd4 24.Rbe1 Rd8 25.Re4 Nc7 26.Rxd4 Nxa6 27.Rxd8+ Rxd8 28.Bxa6 Rxd2
29.Bc4 Kf7 30.Kh1 Bxf2 31.g3 Ke7 32.Ra1 e5 33.a4 e4 34.Rf1 Rc2 35.Kg2 Bd4+
36.Kh3 Rxc4 37.bxc4 b3 38.Kg4 Kd6 39.Kf4 Kc5 40.Kxe4 Kxc4 41.h4 b2 42.g4 Bb6  0-1

[Event "Open"]
[Site "Ashdod ISR"]
[Date "2004.12.12"]
[Round "5"]
[White "Mikhalevski,V"]
[Black "Livshits,G"]
[Result "1-0"]
[WhiteElo "2566"]
[BlackElo "2403"]

1.d4 d5 2.c4 c6 3.Nf3 Nf6 4.Nc3 e6 5.e3 Nbd7 6.Qc2 Bd6 7.g4 dxc4 8.Bxc4 Nd5
9.Bd2 Qe7 10.O-O-O N7b6 11.Be2 Nxc3 12.Bxc3 Nd5 13.Bd2 a5 14.e4 Nb4 15.Qb1 c5
16.a3 Nc6 17.e5 Bb8 18.Bg5 f6 19.exf6 gxf6 20.Be3 cxd4 21.Nxd4 Nxd4 22.Rxd4 Be5
23.Bb5+ Kf7 24.Rd2 b6 25.Rhd1 Qc7+ 26.Rc2 Qb8 27.Rc4 Bxh2 28.Rd8 Kg7 29.Rcxc8 Qxc8+
30.Rxc8 Raxc8+ 31.Kd2 Rhd8+ 32.Ke2 Rd6 33.Qe4 Rc7 34.Bd3 Kg8 35.Bh6 Rdc6
36.f4 Bg1 37.Bc4 Kf7 38.Qxh7+ Ke8 39.Qg8+ Ke7 40.Qf8+  1-0

[Event "IX It"]
[Site "Elgoibar ESP"]
[Date "2004.12.12"]
[Round "2"]
[White "Gomez Esteban,J"]
[Black "Gonzalez de la Torre,S"]
[Result "1-0"]
[WhiteElo "2475"]
[BlackElo "2384"]

1.d4 d5 2.c4 c6 3.Nc3 Nf6 4.e3 e6 5.Nf3 Nbd7 6.Qc2 Bd6 7.g4 Bb4 8.Bd2 Qe7
9.Rg1 O-O 10.O-O-O b5 11.c5 e5 12.g5 Ne8 13.Nh4 Bxc3 14.Qxc3 g6 15.f4 e4
16.Qa5 f5 17.Ng2 a6 18.Be2 Rf7 19.h4 Nf8 20.h5 Qc7 21.Rh1 Qxa5 22.Bxa5 Nc7
23.Rh2 Nce6 24.Rdh1 Rg7 25.Kd2 Rb8 26.Kc3 Kf7 27.Kb4 Ke8 28.a3 Ra8 29.hxg6 hxg6
30.Rh8 Rb8 31.R1h6 Kf7 32.Nh4 Bd7 33.Bh5 gxh5 34.Rf6+ Ke8 35.Nxf5  1-0

[Event "Master Open"]
[Site "Singapore SIN"]
[Date "2004.12.12"]
[Round "2"]
[White "Simanjuntak,S"]
[Black "Wen Gehua"]
[Result "1/2-1/2"]
[WhiteElo "2377"]
[BlackElo "2071"]

1.d4 d5 2.Nf3 Nf6 3.c4 e6 4.Nc3 c6 5.e3 Nbd7 6.Bd3 Bd6 7.O-O O-O 8.e4 dxc4
9.Bxc4 e5 10.Bg5 Qe7 11.Re1 b5 12.Bb3 a6 13.Qe2 Bb7 14.Rad1 c5 15.Bd5 Rab8
16.Bxb7 Rxb7 17.Nd5 Qe6 18.dxe5 Bxe5 19.Nxe5 Qxe5 20.f4 Qe8 21.Nxf6+ Nxf6
22.Bxf6 gxf6 23.Qh5 Re7 24.Qf5 Qc8 25.Qxf6 Re6 26.Qf5 Rg6 27.Qxc8 Rxc8 28.e5 Rgc6
29.Kf2 c4 30.Ke3 c3 31.bxc3 Rxc3+ 32.Rd3 b4 33.Rd1 a5 34.Rxc3 Rxc3+ 35.Rd3 Rc2
36.Rd2 Rc3+ 37.Ke4 Rc4+ 38.Kf5 a4 39.Rd8+ Kg7 40.Rb8 Rc2 41.Rxb4 Rxa2 42.g4 a3
43.h4 Rh2 44.h5 a2 45.Ra4 h6 46.Ra3 Rf2 47.Ra7 Re2 48.g5 hxg5 49.Kxg5 Rg2+
50.Kf5 Rh2 51.Kg4 Rg2+ 52.Kh3 Re2 53.Ra6 Rb2 54.Kg4 Rg2+ 55.Kf5 Rh2 56.h6+ Kh7
57.Ra8 Rxh6 58.Rxa2 Kg7 59.Rg2+ Kf8 60.Ke4 Ke7 61.Ra2 Kf8 62.f5 Rh4+ 63.Kd5 Kg7
64.Kd6 Rb4 65.f6+ Kg6 66.Rg2+ Kf5 67.Ke7 Rb7+ 68.Kf8 Kxe5 69.Kg7 Kf5 70.Rf2+ Kg5
71.Re2 Rb6 72.Re5+ Kf4 73.Re7 Kg5 74.Re5+ Kf4 75.Re7 Kg5 76.Rxf7 Ra6 77.Kf8  1/2-1/2

[Event "ch-IND"]
[Site "Visakhapatnam IND"]
[Date "2004.12.12"]
[Round "11"]
[White "Suvrajit,S"]
[Black "Sandipan,C"]
[Result "1/2-1/2"]
[WhiteElo "2395"]
[BlackElo "2543"]

1.d4 d5 2.Nf3 Nf6 3.c4 e6 4.Nc3 c6 5.e3 Nbd7 6.Bd3 dxc4 7.Bxc4 b5 8.Bd3 Bd6
9.O-O O-O 10.b3 a6 11.Bb2 Bb7 12.a4 b4 13.Ne4 Nxe4 14.Bxe4 Nf6 15.Bd3 c5
16.dxc5  1/2-1/2

[Event "XVII Torre Mem"]
[Site "Yucatan MEX"]
[Date "2004.12.13"]
[Round "1"]
[White "Charpenel Elorduy,M"]
[Black "Prasca,R"]
[Result "0-1"]
[WhiteElo "2125"]
[BlackElo "2396"]

1.d4 d5 2.Nf3 c6 3.c4 Nf6 4.Nc3 e6 5.e3 Nbd7 6.Bd3 dxc4 7.Bxc4 b5 8.Bd3 b4
9.Ne4 Nxe4 10.Bxe4 Bb7 11.O-O Bd6 12.Bd2 O-O 13.Rc1 Rc8 14.Qe2 Qa5 15.Bd3 c5
16.Rfd1 cxd4 17.Rxc8 Rxc8 18.exd4 Qxa2 19.b3 Qxb3 20.Rb1 Qd5 21.Kh1 a5 22.Rg1 Qh5  0-1

[Event "Open"]
[Site "Ashdod ISR"]
[Date "2004.12.14"]
[Round "7"]
[White "Mikhalevski,V"]
[Black "Kaganskiy,G"]
[Result "1-0"]
[WhiteElo "2566"]
[BlackElo "2287"]

1.d4 d5 2.c4 c6 3.Nf3 Nf6 4.Nc3 e6 5.e3 Nbd7 6.Qc2 Bd6 7.g4 dxc4 8.Bxc4 e5
9.g5 Nd5 10.Ne4 Bb4+ 11.Bd2 Bxd2+ 12.Qxd2 Qe7 13.Bb3 O-O 14.O-O-O Re8 15.Rhg1 exd4
16.exd4 Qxe4 17.Rde1 Qxf3 18.Rxe8+ Nf8 19.Bxd5 cxd5 20.Rge1 a5 21.Qe3 Qxe3+
22.R1xe3 b5 23.Rc3 Bb7 24.Rxa8 Bxa8 25.Rc8 Bb7 26.Rc7 Ba8 27.g6 fxg6 28.f4 h5
29.Kd2 h4 30.Ke3 h3 31.b3 b4 32.Kf3 Ne6 33.Rc8+ Kf7 34.Rxa8 Nxd4+ 35.Kg4 Ne2
36.Rxa5 Nc3 37.Ra7+ Ke6 38.Ra6+ Ke7 39.Kf3 d4 40.Rxg6 Nxa2 41.Ke4 Kf7 42.Rb6 Nc1
43.Rxb4 d3 44.Ke3 Kg6 45.Kd2 Ne2 46.Kxd3 Ng3 47.hxg3 h2 48.f5+  1-0

[Event "IX It"]
[Site "Elgoibar ESP"]
[Date "2004.12.14"]
[Round "4"]
[White "Herraiz Hidalgo,H"]
[Black "Flear,G"]
[Result "0-1"]
[WhiteElo "2474"]
[BlackElo "2457"]

1.d4 d5 2.c4 e6 3.Nc3 c6 4.e3 Nf6 5.Nf3 Nbd7 6.Qc2 Bd6 7.Bd3 O-O 8.O-O dxc4
9.Bxc4 b5 10.Bd3 Bb7 11.e4 e5 12.Bg5 exd4 13.Nxd4 Bxh2+ 14.Kxh2 Ng4+ 15.Kg3 Qxg5
16.f4 Qd8 17.e5 g6 18.Kxg4 Nxe5+ 19.fxe5 Qxd4+ 20.Rf4 Qxe5 21.Raf1 Rae8 22.Qf2 h5+
23.Kh3 Bc8+ 24.g4 Qe3+ 25.Kg2 Qxd3 26.Rd1 Qe3 27.Qxe3 Rxe3 28.gxh5 Bf5 29.Rd6 Re6
30.Rd2 Rfe8 31.Kf2 Kg7 32.hxg6 fxg6 33.Ne2 R6e7 34.Nd4 Be4 35.Kg3 a6 36.a3 Bd5
37.Nc2 Re2 38.Rf2 Rxd2 39.Rxd2 a5 40.Nd4 Re3+ 41.Kf4 Re4+ 42.Kg3 b4 43.axb4 axb4
44.Ne2 g5 45.Nd4 Re3+ 46.Kh2 Kf6 47.Ne2 Ke5 48.Ng3 c5 49.Rf2 Bf3 50.Rc2 Kd5
51.Kg1 Be4 52.Rd2+ Rd3 53.Nxe4 Kxe4 54.Rc2 Kd5  0-1

[Event "XVII Torre Mem"]
[Site "Yucatan MEX"]
[Date "2004.12.14"]
[Round "2"]
[White "Vera,R"]
[Black "Escobedo Tinajero,A"]
[Result "1-0"]
[WhiteElo "2461"]
[BlackElo "2386"]

1.d4 d5 2.c4 c6 3.Nc3 Nf6 4.e3 e6 5.Nf3 Nbd7 6.Bd3 dxc4 7.Bxc4 b5 8.Bd3 Bb7
9.e4 b4 10.Na4 Qa5 11.O-O Ba6 12.b3 Be7 13.Bg5 Rd8 14.Rc1 c5 15.d5 O-O 16.Re1 Rfe8
17.dxe6 fxe6 18.Bxa6 Qxa6 19.Qc2 Rc8 20.e5 Nd5 21.Bxe7 Rxe7 22.Ng5 g6 23.Ne4 Nxe5
24.Naxc5 Rec7 25.Qb2 Nd3 26.Nxd3 Qxd3 27.Rxc7 Rxc7 28.Qe5 Re7 29.Rc1 Re8
30.g3 Qf3 31.Rc5 Qf7 32.Nd6 Qe7 33.Ra5  1-0

[Event "Open"]
[Site "Zadar CRO"]
[Date "2004.12.14"]
[Round "3"]
[White "Rezan,Sasa"]
[Black "Sedlak,N"]
[Result "1/2-1/2"]
[WhiteElo "2416"]
[BlackElo "2521"]

1.d4 d5 2.c4 c6 3.e3 Nf6 4.Nc3 e6 5.Nf3 Nbd7 6.Qc2 Bd6 7.b3 O-O 8.Be2 b6
9.O-O Bb7 10.e4 Nxe4 11.Nxe4 dxe4 12.Qxe4 Nf6 13.Qh4 c5 14.dxc5 Bxc5 15.Rd1 Qe7
16.Bb2 Rfd8 17.Ne5 Ba3 18.Bxa3 Qxa3 19.Ng4 Rxd1+ 20.Rxd1 Nxg4 21.Bxg4 Rf8
22.Qg5 h6 23.Qd2 Qc5 24.Qe3 Qc7 25.Bf3 Rd8 26.Rxd8+ Qxd8 27.g3 Bxf3 28.Qxf3  1/2-1/2

[Event "IX It"]
[Site "Elgoibar ESP"]
[Date "2004.12.15"]
[Round "5"]
[White "Mirzoev,A"]
[Black "Gonzalez de la Torre,S"]
[Result "1-0"]
[WhiteElo "2513"]
[BlackElo "2384"]

1.Nf3 d5 2.c4 c6 3.d4 Nf6 4.Nc3 e6 5.e3 Nbd7 6.Qc2 Bd6 7.g4 Bb4 8.Bd2 Qe7
9.Rg1 Bxc3 10.Bxc3 Ne4 11.O-O-O Nxc3 12.Qxc3 dxc4 13.Bxc4 b6 14.Ne5 Bb7 15.Nxd7 Qxd7
16.f4 O-O 17.h4 Qe7 18.h5 c5 19.dxc5 Rfc8 20.b4 a5 21.h6 e5 22.Qxe5 Qxe5
23.fxe5 axb4 24.Kb2 Rxc5 25.Bxf7+ Kxf7 26.Rd7+ Ke6 27.Rxb7 gxh6 28.Rxb6+ Kxe5
29.Rh1 Ke4 30.Rxb4+ Kxe3 31.Rxh6 Rca5 32.a3 Kf2 33.Rh3 Kg2 34.Rc3 h5 35.Ka2 Rf8
36.Rb2+ Rf2 37.gxh5 Rxh5 38.a4  1-0

[Event "Open"]
[Site "Zadar CRO"]
[Date "2004.12.15"]
[Round "4"]
[White "Bosiocic,Mari"]
[Black "Blagojevic,D"]
[Result "0-1"]
[WhiteElo "2313"]
[BlackElo "2527"]

1.d4 d5 2.c4 c6 3.Nf3 Nf6 4.Nc3 e6 5.e3 Nbd7 6.Qc2 Bd6 7.g4 Bb4 8.Bd2 Qe7
9.g5 Bxc3 10.Bxc3 Ne4 11.O-O-O Nxc3 12.Qxc3 dxc4 13.Bxc4 b6 14.h4 Bb7 15.Rh3 O-O-O
16.Kb1 Kb8 17.Rg3 c5 18.d5 exd5 19.Bxd5 f5 20.Bxb7 Kxb7 21.Rd5 g6 22.Qd3 Nb8
23.Ne5 Kc8 24.f4 Qb7 25.Rxd8+ Rxd8 26.Qe2 Nc6 27.Nxc6 Qxc6 28.Qf3 Qb5 29.Rg1 Qd3+
30.Kc1 Kc7 31.Qf2 Qc4+ 32.Kb1 Qd3+ 33.Kc1 Re8 34.Re1 Re4 35.b3 Qc3+ 36.Kb1 a5
37.Re2 Qd3+ 38.Ka1 a4 39.bxa4 Qd1+ 40.Kb2 Rb4+ 41.Kc3 Qxa4 42.Rb2 Qa3+  0-1

[Event "III Pereyra Mem"]
[Site "Mendoza ARG"]
[Date "2004.12.17"]
[Round "9"]
[White "Ricardi,P"]
[Black "Farfan Ortiz,A"]
[Result "1-0"]
[WhiteElo "2548"]
[BlackElo "2246"]

1.Nf3 d5 2.d4 Nf6 3.c4 c6 4.Nc3 e6 5.e3 Nbd7 6.Bd3 Bd6 7.e4 dxe4 8.Nxe4 Nxe4
9.Bxe4 h6 10.O-O O-O 11.Re1 Nf6 12.Bc2 b6 13.Ne5 Bb7 14.Qf3 Rb8 15.Qh3 c5
16.Bxh6 cxd4 17.Bxg7 Kxg7 18.Qg3+  1-0

[Event "Revolution Mem"]
[Site "Bucharest ROM"]
[Date "2004.12.19"]
[Round "6"]
[White "Solcanean,S"]
[Black "Chirila,I"]
[Result "1/2-1/2"]
[WhiteElo "2345"]
[BlackElo "2207"]

1.d4 d5 2.c4 e6 3.Nc3 c6 4.e3 Nf6 5.Nf3 Nbd7 6.Bd3 Bd6 7.O-O O-O 8.e4 dxe4
9.Nxe4 Nxe4 10.Bxe4 Qc7 11.Re1 c5 12.dxc5 Bxc5 13.Bc2 Rd8 14.Qe2 Nf8 15.a3 b6
16.Bg5 f6 17.Bd2 Bb7 18.Be4 Rac8 19.Bxb7 Qxb7 20.Rac1 e5 21.b4 Be7 22.Be3 Ne6
23.Red1 Qc6 24.Rxd8+ Rxd8 25.h3 e4 26.Ne1 f5 27.g3 Bg5 28.h4 Nd4 29.Qa2 Bxe3
30.fxe3 Ne6 31.Ng2 Kf8 32.Qf2 g6 33.Nf4 Nxf4 34.Qxf4 Qd6 35.Qxd6+ Rxd6 36.c5 Rc6
37.Kf2 bxc5 38.bxc5 Ke7 39.Rc4 Ke6 40.g4 a5 41.gxf5+ gxf5 42.Kg3 Kd5 43.Rd4+ Kxc5
44.Kf4 Rb6 45.Kxf5 Rb3 46.Rxe4 Rxa3 47.Re7 a4 48.e4 Rf3+ 49.Ke5 a3 50.Rxh7 Kb4
51.Rb7+ Kc3 52.Ra7 Kb2 53.Kd6 a2  1/2-1/2

[Event "IX It"]
[Site "Elgoibar ESP"]
[Date "2004.12.19"]
[Round "9"]
[White "Ivanov,J"]
[Black "Gonzalez de la Torre,S"]
[Result "1-0"]
[WhiteElo "2395"]
[BlackElo "2384"]

1.Nf3 d5 2.c4 e6 3.d4 c6 4.e3 Nf6 5.Nc3 Nbd7 6.Qc2 Bd6 7.b3 O-O 8.Be2 a6
9.O-O e5 10.cxd5 cxd5 11.dxe5 Nxe5 12.Bb2 Be6 13.Rad1 Rc8 14.Qb1 Re8 15.Qa1 Nxf3+
16.Bxf3 Be5 17.Ne2 Bxb2 18.Qxb2 Bg4 19.Bxg4 Nxg4 20.Nf4 Nf6 21.Rd4 Qa5 22.Rfd1 Red8
23.h3 Rd7 24.e4 Rcd8 25.e5 Ne8 26.b4 Qb5 27.Qc2 Nc7 28.a4 Qb6 29.R1d3 h6
30.a5 Qb5 31.Rc3 g5 32.Nh5 Ne6 33.Nf6+ Kf8 34.Nxd7+ Rxd7 35.Rc8+ Rd8 36.Rxd8+ Nxd8
37.Qd2 Nc6 38.Rxd5 Qxb4 39.Qxb4+ Nxb4 40.Rd7 Nc6 41.e6 Nxa5 42.e7+  1-0

[Event "IX It"]
[Site "Elgoibar ESP"]
[Date "2004.12.19"]
[Round "9"]
[White "Flear,G"]
[Black "Perez Candelario,Man"]
[Result "1-0"]
[WhiteElo "2457"]
[BlackElo "2474"]

1.d4 d5 2.c4 c6 3.Nc3 Nf6 4.e3 e6 5.Nf3 Nbd7 6.Bd3 dxc4 7.Bxc4 b5 8.Bb3 b4
9.Ne2 Bd6 10.e4 Nxe4 11.Qc2 Nef6 12.Qxc6 Qb6 13.Qxa8 O-O 14.Nd2 Bb7 15.Nc4 Qa6
16.Qxb7 Qxb7 17.Nxd6 Qxg2 18.Rg1 Qxh2 19.Bf4 Qh5 20.Rc1 g6 21.Rc7 a5 22.Ra7 Qf3
23.Rxa5 Ne4 24.Nxe4 Qxe4 25.Kd2 Nf6 26.Bg5 Qf3 27.Bxf6 Qxf6 28.Ke3 Rd8 29.Ra7 Re8
30.Rg4 Re7 31.Ra5 Rc7 32.Rb5 Qe7 33.Nf4 Rb7 34.Rc5 Rc7 35.Nd3 Rb7 36.Ne5 Kg7
37.Rc6 Qf6 38.Rf4 Qg5 39.Nf3 Qh6 40.Rc1 Qh5 41.Rh4 Qa5 42.Rch1 h5 43.Rg1 Qf5
44.Rf4 Qa5 45.Ne5 Qa6 46.Bc4 Qa4 47.Bxe6 fxe6 48.Rxg6+ Kh7 49.Rff6 Rg7 50.Rh6+ Kg8
51.Rxe6 Rg1 52.Rxh5 Re1+ 53.Kf4 Rg1 54.Nf3 Qd1 55.Rc5 Rg7 56.Rc8+ Kf7 57.Ra6 Qh1
58.Rc7+ Kg8 59.Ra8+ Kh7 60.Ng5+ Kg6 61.Ra6+ Kh5 62.Rxg7 Qc1+ 63.Ke5 Qxb2
64.Ne4  1-0

[Event "XIII Open"]
[Site "Erandio ESP"]
[Date "2004.12.19"]
[Round "3"]
[White "Mirzoev,A"]
[Black "Galzagorri Uli,Y"]
[Result "1-0"]
[WhiteElo "2513"]
[BlackElo "2205"]

1.d4 d5 2.c4 c6 3.Nc3 Nf6 4.Nf3 e6 5.e3 Nbd7 6.Qc2 b6 7.cxd5 exd5 8.Bd2 Bb7
9.Bd3 Be7 10.g4 h6 11.Rg1 c5 12.O-O-O Rc8 13.Kb1 Ne4 14.Nxe4 dxe4 15.Bxe4 cxd4
16.Qd3 Bxe4 17.Qxe4 dxe3 18.Bxe3 O-O 19.Qf5 Rc7 20.Ne5 g6 21.Nxg6 fxg6 22.Qxg6+ Kh8
23.Qxh6+ Kg8 24.Qg6+ Kh8 25.Rg3  1-0

[Event "4th NAO GM"]
[Site "Paris FRA"]
[Date "2004.12.19"]
[Round "5"]
[White "Inkiov,V"]
[Black "Marzolo,C"]
[Result "0-1"]
[WhiteElo "2496"]
[BlackElo "2437"]

1.d4 e6 2.c4 Nf6 3.Nf3 d5 4.Nc3 c6 5.e3 Nbd7 6.Qc2 Bd6 7.Be2 O-O 8.O-O dxc4
9.Bxc4 b5 10.Bd3 Bb7 11.Ne4 Nxe4 12.Bxe4 Nf6 13.Bd3 c5 14.dxc5 Bxc5 15.Bxb5 Rc8
16.Qe2 Qd5 17.Ba6 Bxa6 18.Qxa6 Bb6 19.Bd2 Ne4 20.Rfd1 Qh5 21.Bb4 Rfe8 22.Rac1 Rxc1
23.Rxc1 f5 24.Rc8 h6 25.a4 Qf7 26.a5 Bc7 27.Rxe8+ Qxe8 28.g3 e5  0-1